000 01189cam a2200253 4500
001 X108880
008 000000n2000 000 0 eng u
035 _a(Sirsi) u108880
245 _aTown and country planning
260 _c2000
490 _aEstates Gazette Case Summaries
_v[2000] EGCS 107 (19/10/00)
520 _a"R v Bolsover DC, ex p Pepper" QBC 3 October 2000. The applicant sought judicial review of the Council's decision not to sell access land, a condition of planning permission for the development of the adjacent site, contending that a previous resolution to sell to it, and the Council's subsequent conduct, had created a legitimate expectation that they would sell. "Held", application dismissed.
650 _aTOWN AND COUNTRY PLANNING
650 _aJUDICIAL REVIEW
650 _aACCESS LAND
650 _aLEGITIMATE EXPECTATION
650 _aLOCAL GOVERNMENT ACT 1972 S123
650 _aR V BOLSOVER DC EX P PEPPER
650 _aR V BARNET LBC EX P PARDES HOUSE SCHOOL
650 _aR V LEEDS CITY COUNCIL EX P COBLEIGH
650 _aR V CAMDEN LBC EX P HUGHES
690 _aENVIRONMENTAL AND LAND CONSULTANCY-PLANNING AND DEVELOPMENT
942 _n0
999 _c65000
_d65000